00510nam a2200181Ia 450000500170000000800410001702000180005804100080007608200160008410000180010024500970011825000110021526000270022630000090025350000240026265000240028670000180031020230323174005.0230125s9999 xx 000 0 und d a9780814471692 aeng a004.69bHEN aHenderson A J aThe E-Learning Question and Answer BookbA Survival Guide for Trainers and business Managers aEd.1st c2003bAmacomaNew York a240p aInternet;E-learning aInternet;E-learning aHenderson A J